00758nam a22002417a 450000500170000001000110001702000100002803500110003803700160004904000120006508200150007724500720009226000440016427000130020830000240022150000200024565000200026565000290028570000270031494200240034199900190036595201320038420170124110110.0 a458453 c00.00 a458453 bCen Lib/Ret aDPLbEN a230.1bKRI aKrishna : cedited by Milton Singerbmyths, rites, and attitudes / aHonolulubEast west centre press c1966 bHonolulu axi,277p. c21cm(Hb) aIncludes index  aKrishna 910276 aHindu Mythology 9102485 aSinger, Milton 922723 2ddccENh230.1mKRI c130305d130305 00104070aLbLd2015-07-09eCen Lib/Retg0.00l1o230.1 KRIp458453r2022-07-14 00:00:00s2022-06-30t1v0.00w2015-07-09yEN